Statystyki dla Przeciwnicy w największych bitwach w historii

Kliknij tutaj aby rozwiązać quiz!

Ogólne statystyki

  • Ten quiz został rozwiązany 289 razy
  • Średni wynik to 3 z 13

Statystyki odpowiedzi

HintOdpowiedź% Poprawnych
Bitwa WarszawskaPolska vs ZSRR
55%
Bitwa pod MaratonemAteny vs Persja
54%
Oblężenie OrleanuFrancja vs Anglia
42%
Bitwa o MidwayUSA vs Japonia
41%
Bitwa pod SedanemNiemcy vs Francja
33%
Bitwa pod PołtawąRosja vs Szwecja
21%
Bitwa pod PoitiersFrankowie vs Arabowie
19%
Bitwa w Lesie TeutoburskimGermanie vs Rzym
19%
I bitwa nad MarnąEntenta vs Państwa Centralne
2%
Bitwa pod WaterlooKoalicja antyfrancuska vs Francja
2%
Bitwa o El-AlameinAlianci Zachodni vs Niemcy Włochy
1%
Bitwa o Monte CassinoAlianci Zachodni vs Niemcy Włochy
1%
Bitwa stalingradzkaZSRR vs Niemcy Włochy Rumunia Węgry Chorwacja
0%

Rozkład punktacji

Percentyl według liczby udzielonych odpowiedzi

Procent ludzi z każdym wynikiem

Twoja historia wyników

Nie rozwiązałeś tego quizu